LEADER 00993nam a2200241 4500 001 000000363307 003 CaOOAMICUS 005 20251119155809.0 008 250624s20072010it 000 u ita r 040 $aSeMil$bita 245 00$aGiornalismo italiano. 264 1$aMilano :$bMondadori,$c2007-2010. 300 $a4 v. ;$c17 cm 490 1 $aI meridiani 650 4$aGiornalismo - Italia.$0(OLS)http://semarc/subject/10146 774 0 $t1: 1860-1901.$dMilano : Mondadori, 2007.$z978-88-04-56236-8$w()363308 774 0 $t2: 1901-1939.$dMilano : Mondadori, 2007.$z978-88-04-56238-2$w()364151 774 0 $t3: 1939-1968.$dMilano : Mondadori, 2007.$z978-88-04-58353-0$w()365289 774 0 $t4: 1968-2001.$dMilano : Mondadori, 2010.$b2. ed.$z978-88-04-58354-7$w()364152 830 2$aI Meridiani.$0(OLS)http://semarc/title/6832 996 $6245$aGiornalismo italiano$9(OLS)http://semarc/title/454492 996 $6264$aMilano :$bMondadori$9(OLS)http://semarc/publisher/30335 LEADER 00803nam a2200205 i 4500 001 000000232950 003 CaOOAMICUS 005 20140910000000.0 008 140910s1904 it u000 u ita u 013 $a211853 040 $aSeMil$bita 100 1 $aPavissich, Antonio .$0(OLS)http://semarc/name/5359 245 10$aFatti e criteri sociali /$cAntonio Pavissich d. C. d. G. 260 $aTreviso :$bLuigi Buffetti,$c1904. 300 $aVIII, 473 p. ;$c20 cm. 650 4$aSindacalismo cattolico.$0(OLS)http://semarc/subject/6268 850 $aSeMil 852 $aSeMil$W1$xVenegono$y1$m3M I 76$j183296$B183296$CSeMilBibl$Z2$F194176 $81 996 $6245$aFatti e criteri sociali$9(OLS)http://semarc/title/332383 996 $6260$aTreviso :$bLuigi Buffetti$9(OLS)http://semarc/publisher/38774 LEADER 01180nam a2200253 i 4500 001 000000053771 003 CaOOAMICUS 005 20250904144812.0 008 050310s1977 it u000 u mul u 040 $aSeMil$bita 245 10$a1: Iperide ; Eschine ; Licurgo /$ca cura di Mario Marzi, Pietro Leone, Enrica Malcovati. 300 $a938 p., [9] c. di tav. ;$c24 cm 700 1 $aHyperides,$d<389-322 a.C.>.$0(OLS)http://semarc/name/65858 700 1 $aAeschines,$d<390-314 a.C.>.$0(OLS)http://semarc/name/9211 700 1 $aLycurgus,$d<390-324 a.C.>.$0(OLS)http://semarc/name/65901 700 1 $aMarzi, Mario.$0(OLS)http://semarc/name/1433 700 1 $aLeone, Pietro.$0(OLS)http://semarc/name/26588 700 1 $aMalcovati, Enrica,$d<1894-1990>.$0(OLS)http://semarc/name/26589 773 0 $tOratori attici minori.$dTorino : Unione Tipografico-Editrice Torinese, 1977-1995.$kClassici greci $g1$w()1395 850 $aSeMil 852 $aSeMil$W1$xVenegono$y1$m1Y IV 23/1$j261449$B19925$CSeMilBibl$Z2$F19927 $81 961 $aAcquisto: UTET (Agente) 996 $6245$a1: Iperide ; Eschine ; Licurgo$9(OLS)http://semarc/title/82943